Moral theology today: certitudes and doubts
Uloženo v:
| Médium: | Kniha |
|---|---|
| Jazyk: | angličtina |
| Vydáno: |
Saint Louis
The Pope John Center
1984
|
| Témata: | |
| Tagy: |
Přidat tag
Žádné tagy, Buďte první, kdo vytvoří štítek k tomuto záznamu!
|
MARC
| LEADER | 00000nam a2200000 a 4500 | ||
|---|---|---|---|
| 001 | UCY1712 | ||
| 003 | CL-VaPUC | ||
| 008 | 940913e19840000US |||||||||||||||||eng|d | ||
| 082 | 0 | 4 | |a 241 |b MOR |2 21 |
| 245 | 1 | 0 | |a Moral theology today: certitudes and doubts |
| 300 | |a 354 p | ||
| 942 | |c BK | ||
| 945 | |d 19940913 00:00:00 |a aalvarez | ||
| 260 | |a Saint Louis |b The Pope John Center |c 1984 | ||
| 600 | 0 | |a Iglesia católica |9 255129 | |
| 650 | 0 | |a Ética cristiana |9 308677 | |
| 650 | 0 | |a Teología moral |9 256617 | |
| 650 | 7 | |a DOCTRINAS |2 CL-VaPUC |9 317761 | |
| 583 | |a last modification |c 19940913 00:00:00 |k Rodrigo Vera | ||
| 999 | |c 329269 |d 329267 | ||
| 952 | |0 0 |1 0 |4 0 |6 241_000000000000000_MOR_1984 |7 0 |8 A |9 413648 |a BIBTEO |b BIBTEO |d 2019-11-22 |i 3008932 |o 241 MOR 1984 |p 3008932 |r 2025-01-17 |w 2019-11-22 |y BK |k ICR | ||